Guess the Classic Rock Song by a Lyric #2 - Statistics

General Stats
  • This quiz has been taken 235 times
  • The average score is 8 of 20
Answer Stats
Lyrics Title Artist % Correct
"Shot through the heart, and you're to blame" You Give Love a Bad Name Bon Jovi
85%
"Drove my Chevy to the levee but the levee was dry. And them good ole boys were drinking whiskey and rye" American Pie Don McLean
81%
"She's got a smile that it seems to me. Reminds me of childhood memories" Sweet Child O' Mine Guns N' Roses
77%
"Are you ready, hey, are you ready for this? Are you hanging on the edge of your seat?" Another One Bites the Dust Queen
74%
"It ain't me, it ain't me, I ain't no senator's son, son" Fortunate Son Creedence Clearwater Revival
59%
" 'There must be some kind of way outta here,' said the joker to the thief" All Along the Watchtower Bob Dylan / The Jimi Hendrix Experience
47%
"People try to put us d-down. Just because we g-g-get around" My Generation The Who
43%
"Living easy, living free. Season ticket on a one-way ride" Highway to Hell AC/DC
40%
"And I swear that I don't have a gun. No, I don't have a gun" Come As You Are Nirvana
38%
"I lost myself in a familiar song. I closed my eyes and I slipped away" More Than a Feeling Boston
35%
"We all came out to Montreux on the Lake Geneva shoreline" Smoke on the Water Deep Purple
33%
"All day long I think of things but nothing seems to satisfy" Paranoid Black Sabbath
30%
"One pill makes you larger, and one pill makes you small" White Rabbit Jefferson Airplane
30%
"Psychic spies from China try to steal your mind's elation" Californication Red Hot Chili Peppers
27%
"Nothin' lasts forever, and we both know hearts can change" November Rain Guns N' Roses
26%
"I love the colorful clothes she wears, and the way the sunlight plays upon her hair" Good Vibrations The Beach Boys
21%
"Is it getting better? Or do you feel the same?" One U2
16%
"Freezin' rests his head on a pillow made of concrete again. Ooh yeah" Even Flow Pearl Jam
14%
"Move yourself. You always live your life. Never thinking of the future" Owner of a Lonely Heart Yes
13%
"I've been running hot. You got me ticking going to blow my top" Start Me Up The Rolling Stones
10%
No matching quizzes found
Score Distribution
Percent of People with Each Score
Percentile by Number Answered
Your Score History
You have not taken this quiz